[Event "Wch Blitz"]
[Site "Samarkand"]
[Date "2023.12.29"]
[Round "8"]
[White "Shevchenko, Kirill"]
[Black "Mustafaev, Jamshid"]
[Result "0-1"]
[WhiteElo "2651"]
[BlackElo "2313"]
[PlyCount "72"]
[EventDate "2023.12.29"]
[EventType "swiss (blitz)"]
[EventRounds "21"]
[EventCountry "UZB"]
[SourceTitle "CB01_2024"]
[SourceDate "2024.01.03"]
[SourceVersion "1"]
[SourceVersionDate "2024.01.03"]
[SourceQuality "1"]

1. e4 c5 2. c3 Nf6 3. e5 Nd5 4. Bc4 e6 5. d4 cxd4 6. cxd4 d6 7. Nf3 Nc6 8. 0-0 Be7 9. Qc2 dxe5 10. dxe5 Qc7 11. Nc3 Nxc3 12. Qxc3 0-0 13. Bd3 Bd7 14. Qc4 Rfc8 15. Qg4 Nxe5 16. Bxh7+ Kf8 17. Nxe5 Qxe5 18. Bf4 Qf6 19. Rad1 Bc6 20. Rfe1 Rd8 21. Bc2 Rxd1 22. Bxd1 Rd8 23. Be5 Qg5 24. Qh3 Bf6 25. f4 Qg6 26. Bh5 Qc2 27. Bxf6 gxf6 28. Qa3+ Kg7 29. Qg3+ Kf8 30. Be2 Qc5+ 31. Kh1 Rd2 32. h4 Rxb2 33. h5 Rxe2 34. Rxe2 Qxh5+ 35. Kg1 Qxe2 36. Qa3+ Ke8 0-1

[Event "Wch Blitz"]
[Site "Samarkand"]
[Date "2023.12.29"]
[Round "3"]
[White "Vrolijk, Liam"]
[Black "Shevchenko, Kirill"]
[Result "1-0"]
[WhiteElo "2566"]
[BlackElo "2651"]
[PlyCount "39"]
[EventDate "2023.12.29"]
[EventType "swiss (blitz)"]
[EventRounds "21"]
[EventCountry "UZB"]
[SourceTitle "CB01_2024"]
[SourceDate "2024.01.03"]
[SourceVersion "1"]
[SourceVersionDate "2024.01.03"]
[SourceQuality "1"]

1. d4 d5 2. c4 e5 3. dxe5 d4 4. Nf3 Nc6 5. a3 g6 6. g3 Bg7 7. Bg2 f6 8. exf6 Nxf6 9. 0-0 0-0 10. Nbd2 Bf5 11. b4 d3 12. Bb2 Kh8 13. Re1 Qd7 14. Nb3 Rad8 15. exd3 Bxd3 16. Nc5 Qf5 17. Nh4 Qg5 18. Nxd3 Nd4 19. Bxd4 Rxd4 20. Nf3 1-0

[Event "Wch Rapid"]
[Site "Samarkand"]
[Date "2023.12.28"]
[Round "12"]
[White "Shevchenko, Kirill"]
[Black "Nepomniachtchi, Ian"]
[Result "0-1"]
[WhiteElo "2651"]
[BlackElo "2771"]
[PlyCount "182"]
[EventDate "2023.12.26"]
[EventType "swiss (rapid)"]
[EventRounds "13"]
[EventCountry "UZB"]
[SourceTitle "CB01_2024"]
[SourceDate "2024.01.03"]
[SourceVersion "1"]
[SourceVersionDate "2024.01.03"]
[SourceQuality "1"]

1. Nf3 Nf6 2. c4 e6 3. g3 d5 4. Bg2 Be7 5. 0-0 0-0 6. b3 c5 7. Bb2 Nc6 8. e3 b6 9. Nc3 dxc4 10. bxc4 Bb7 11. Qe2 Nb4 12. d4 cxd4 13. exd4 Rc8 14. Rfd1 Re8 15. Rac1 Bf8 16. Qf1 Ba6 17. Ne5 Nfd5 18. Ne2 Ne7 19. Nf4 Ned5 20. Ne2 Ne7 21. Be4 Ng6 22. a3 Na2 23. Ra1 Nxe5 24. dxe5 Qc7 25. Qh3 g6 26. Nd4 Bxc4 27. Bb1 Red8 28. Bxa2 Bxa2 29. Rxa2 Qxe5 30. Qf1 Qe4 31. Ba1 Bg7 32. Rad2 Rd5 33. h3 g5 34. Re1 Qg6 35. Nf3 Rxd2 36. Nxd2 Bxa1 37. Rxa1 Rc2 38. Nf3 Qf6 39. Kg2 Rc3 40. Ng1 Qd4 41. Rd1 Qe4+ 42. Kh2 Rxa3 43. Qb5 Ra5 44. Qb2 Qe5 45. Qc2 Qf5 46. Qe2 Rd5 47. Ra1 Ra5 48. Re1 Ra3 49. Rd1 Rc3 50. Rd8+ Kg7 51. Kg2 Rc2 52. Qe3 Qc5 53. Rd4 Rc3 54. Qd2 Rc2 55. Qe3 Rc3 56. Qd2 Qc6+ 57. Kh2 h6 58. h4 Qc5 59. hxg5 hxg5 60. Nh3 Rc2 61. Qe3 Kg6 62. Qe4+ Qf5 63. Qe3 Qc5 64. Qe4+ Qf5 65. Qe1 Rc8 66. g4 Qf6 67. Qe4+ Kg7 68. Rd3 Rc5 69. Kg2 Qe5 70. Qf3 Rd5 71. Re3 Qd4 72. Ng1 a5 73. Ne2 Qf6 74. Qe4 Qg6 75. Qc4 Qf6 76. Rf3 Qe5 77. Ng3 Rd4 78. Qc3 Qc5 79. Qa1 Kf8 80. Qh1 Rf4 81. Qh8+ Ke7 82. Re3 Qd5+ 83. f3 Rxg4 84. Qb2 Rb4 85. Qc2 Rc4 86. Qh7 g4 87. Nf5+ Kf6 88. Qg7+ Kxf5 89. Qxf7+ Kg5 90. Qg7+ Kf4 91. Re1 Rc2+ 0-1

[Event "Wch Rapid"]
[Site "Samarkand"]
[Date "2023.12.26"]
[Round "3"]
[White "Amangeldy, Ernur"]
[Black "Shevchenko, Kirill"]
[Result "0-1"]
[WhiteElo "2134"]
[BlackElo "2651"]
[PlyCount "150"]
[EventDate "2023.12.26"]
[EventType "swiss (rapid)"]
[EventRounds "13"]
[EventCountry "UZB"]
[SourceTitle "CB01_2024"]
[SourceDate "2024.01.03"]
[SourceVersion "1"]
[SourceVersionDate "2024.01.03"]
[SourceQuality "1"]

1. d4 Nf6 2. c4 g6 3. Nc3 Bg7 4. e4 d6 5. Be2 0-0 6. Nf3 Na6 7. Be3 c6 8. 0-0 e5 9. d5 Ng4 10. Bg5 f6 11. Bh4 Nh6 12. Nd2 Bd7 13. f3 Nf7 14. a3 c5 15. Rb1 Nc7 16. b4 b6 17. Nb5 a6 18. Nc3 Rb8 19. Bf2 Qe7 20. bxc5 dxc5 21. a4 a5 22. Nb5 Bxb5 23. cxb5 Ne8 24. d6 Nexd6 25. Nc4 Rfd8 26. Qc2 Ng5 27. Bh4 Kh8 28. Bxg5 fxg5 29. Ne3 Ne8 30. Nd5 Qf8 31. Bc4 Rd6 32. Rbd1 Rb7 33. Qc1 h6 34. h3 Kh7 35. Kh1 Rdd7 36. Rd3 Nf6 37. Nxf6+ Qxf6 38. Bd5 Rbc7 39. Rfd1 Rd8 40. Qe3 h5 41. Qe2 Qf4 42. Rc3 Rcd7 43. Rcd3 Kh8 44. Qd2 Qf6 45. Qe2 Rd6 46. R3d2 Qf4 47. Rd3 Bf6 48. Qd2 Kg7 49. Re1 c4 50. Qxf4 exf4 51. Rdd1 c3 52. Re2 Be5 53. Kg1 Rc8 54. Rc2 Rc4 55. Ra1 Rb4 56. Kf2 Kf6 57. Ke2 Rd8 58. Kf2 Rc8 59. Ke2 Rc5 60. Kf2 Rb2 61. Ra2 Rb1 62. Ke2 Bd4 63. Kd3 Ke5 64. Ke2 Rc8 65. Kd3 g4 66. Ke2 Rg1 67. Kd3 gxf3 68. gxf3 Rg3 69. Ke2 Rxh3 70. Rc1 Rh2+ 71. Kd3 Rd2+ 72. Rxd2 cxd2 73. Rd1 Be3 74. Bf7 Rc1 75. Ke2 h4 0-1

[Event "Wch Rapid"]
[Site "Samarkand"]
[Date "2023.12.26"]
[Round "2"]
[White "Shevchenko, Kirill"]
[Black "Kosakowski, Jakub"]
[Result "1/2-1/2"]
[WhiteElo "2651"]
[BlackElo "2479"]
[PlyCount "122"]
[EventDate "2023.12.26"]
[EventType "swiss (rapid)"]
[EventRounds "13"]
[EventCountry "UZB"]
[SourceTitle "CB01_2024"]
[SourceDate "2024.01.03"]
[SourceVersion "1"]
[SourceVersionDate "2024.01.03"]
[SourceQuality "1"]

1. e4 c6 2. d4 d5 3. exd5 cxd5 4. c4 Nf6 5. Nc3 Nc6 6. Nf3 a6 7. cxd5 Nxd5 8. Bc4 Be6 9. Bb3 Na5 10. 0-0 Nxb3 11. axb3 Bg4 12. Qd3 e6 13. Ne5 Bf5 14. Qg3 Nxc3 15. bxc3 f6 16. Nc4 b5 17. Ne3 Be4 18. Re1 Kf7 19. Qg4 Bb7 20. Qh5+ g6 21. Qh3 Bg7 22. Ng4 Qd5 23. c4 Qf5 24. Bh6 Rhe8 25. Re3 Qh5 26. Rae1 Qxh3 27. Rxh3 Rad8 28. Rd1 e5 29. d5 Bc8 30. f3 Bxh6 31. Rxh6 Kg7 32. Rh4 g5 33. Rh5 Kg6 34. Rh6+ Kg7 35. Rxf6 Bxg4 36. Rxa6 Bf5 37. Ra7+ Kf8 38. Rda1 bxc4 39. bxc4 Rc8 40. R1a6 Bd3 41. Rf6+ Kg8 42. d6 Rxc4 43. d7 Rd8 44. Re6 Bg6 45. Rxe5 Rd4 46. Rxg5 R4xd7 47. Rxd7 Rxd7 48. Re5 Rd2 49. h3 Kf7 50. Kh2 Ra2 51. Kg3 Bd3 52. Re1 Ba6 53. Rc1 Re2 54. Rc7+ Re7 55. Rc6 Re6 56. Rc7+ Kg6 57. Rc5 h6 58. Ra5 Kf7 59. Rf5+ Rf6 60. Ra5 Rg6+ 61. Kf2 Rc6 1/2-1/2

[Event "Titled Tuesday intern op 19th Dec Early"]
[Site "Chess.com INT"]
[Date "2023.12.19"]
[Round "1"]
[White "Grochal, Joey"]
[Black "Shevchenko, Kirill"]
[Result "0-1"]
[WhiteElo "2228"]
[BlackElo "2651"]
[PlyCount "86"]
[EventDate "2023.12.19"]
[EventType "swiss (blitz)"]
[EventRounds "11"]
[EventCountry "USA"]
[SourceTitle "CB52_2023"]
[SourceDate "2023.12.27"]
[SourceVersion "1"]
[SourceVersionDate "2023.12.27"]
[SourceQuality "1"]

1. e4 c5 2. Nf3 Nc6 3. d4 cxd4 4. Nxd4 e6 5. Nc3 Bc5 6. Ndb5 Nf6 7. Nd6+ Ke7 8. Bf4 e5 9. Nf5+ Kf8 10. Bg5 Bb4 11. Bc4 d5 12. Bxf6 Qxf6 13. Bxd5 Bxf5 14. exf5 Rd8 15. 0-0 Ne7 16. Ne4 Qxf5 17. Ng3 Qg6 18. c4 h5 19. Qa4 Nxd5 20. cxd5 Bd6 21. Qe4 Qxe4 22. Nxe4 Ke7 23. Rac1 Rc8 24. Rfd1 f5 25. Nd2 e4 26. g3 b5 27. a4 bxa4 28. Nc4 Rc5 29. Nxd6 Kxd6 30. Rxc5 Kxc5 31. Ra1 Kb4 32. d6 Rd8 33. Rd1 Kc5 34. d7 Kc6 35. Rd4 Rxd7 36. Rxa4 Kb5 37. Ra3 a5 38. Kg2 Rd2 39. Rb3+ Kc4 40. Rb7 e3 41. Kf3 e2 42. Re7 Rxb2 43. Kf4 a4 0-1

[Event "Titled Tuesday intern op 19th Dec Early"]
[Site "Chess.com INT"]
[Date "2023.12.19"]
[Round "7"]
[White "Niemann, Hans Moke"]
[Black "Shevchenko, Kirill"]
[Result "0-1"]
[WhiteElo "2667"]
[BlackElo "2651"]
[PlyCount "56"]
[EventDate "2023.12.19"]
[EventType "swiss (blitz)"]
[EventRounds "11"]
[EventCountry "USA"]
[SourceTitle "CB52_2023"]
[SourceDate "2023.12.27"]
[SourceVersion "1"]
[SourceVersionDate "2023.12.27"]
[SourceQuality "1"]

1. e4 c5 2. Nf3 Nc6 3. Bb5 Nf6 4. Nc3 Qc7 5. Bxc6 dxc6 6. e5 Nd5 7. h3 h6 8. 0-0 g5 9. Re1 g4 10. hxg4 Bxg4 11. d4 0-0-0 12. Nxd5 Rxd5 13. c3 cxd4 14. cxd4 Qd7 15. Qb3 Rg8 16. Bf4 Qf5 17. Qe3 Bxf3 18. Qxf3 Rxd4 19. Bg3 Qxf3 20. gxf3 h5 21. Kf1 h4 22. Bh2 Bh6 23. e6 fxe6 24. Rxe6 Bf4 25. Bxf4 Rxf4 26. Rxe7 Rxf3 27. Rd1 Rgf8 28. Rdd7 Rxf2+ 0-1